Reflexiones sobre la identidad latinoamericana : os sertoes y radiografía de la pampa /

Este artículo tiene como preocupación central realizar una aproximación entre las obras Os Sertoes del escritor brasileño Euclides da Cunha y Radiografía de la Pampa del argentino Ezequiel Martínez Estrada, a partir de un abordaje interdisciplinario que articula la literatura y la historia. El propó...

Full description

Bibliographic Details
Main Author: Melo, Ana Amelia
Format: Analitica de revista
Language:Spanish
Published: Santiago, Chile ILADES 2006

MARC

LEADER 00000cab a2200000 a 4500
001 036680
003 UAHC_CL
005 20170803124025.0
008 010822s2006 cl 000 spa
040 |a UAHC_CL  |c UAHC_CL  |d UAHC_CL 
100 1 |a Melo, Ana Amelia 
245 1 0 |a Reflexiones sobre la identidad latinoamericana :  |b os sertoes y radiografía de la pampa /  |c Ana Amelia Melo. 
260 |b ILADES  |c 2006  |a Santiago, Chile 
300 |a p. 41-52 
500 |a En: Persona y sociedad, n¼02, 2006. p. 41-52. ISSN 0716-730X. 
500 |a En: Persona y sociedad, nº02, 2006. p. 41-52. ISSN 0716-730X. 
520 |a Este artículo tiene como preocupación central realizar una aproximación entre las obras Os Sertoes del escritor brasileño Euclides da Cunha y Radiografía de la Pampa del argentino Ezequiel Martínez Estrada, a partir de un abordaje interdisciplinario que articula la literatura y la historia. El propósito de estas reflexiones es comprender el papel de la naturaleza y los llamados espacios incivilizados- como la pampa y el sertao- en la interpretación que estos autores elaboran del proceso histórico latinoamericano. Vale destacar que por la influencia significativa de la obra de Domingo Faustino Sarmiento, el presente artículo busca apuntar algunas de las posibles dimensiones que estos autores le otorgan a las categorías de civilización y barbarie. Junto con ello, se especula en torno a cómo las nociones de espacio y naturaleza se vinculan con la temática de la identidad nacional. 
520 |a Este artículo tiene como preocupación central realizar una aproximación entre las obras Os Sertoes del escritor brasileño Euclides da Cunha y Radiografía de la Pampa del argentino Ezequiel Martínez Estrada, a partir de un abordaje interdisciplinario que articula la literatura y la historia. El propósito de estas reflexiones es comprender el papel de la naturaleza y los llamados espacios incivilizados- como la pampa y el sertao- en la interpretación que estos autores elaboran del proceso histórico latinoamericano. Vale destacar que por la influencia significativa de la obra de Domingo Faustino Sarmiento, el presente artículo busca apuntar algunas de las posibles dimensiones que estos autores le otorgan a las categorías de civilización y barbarie. Junto con ello, se especula en torno a cómo las nociones de espacio y naturaleza se vinculan con la temática de la identidad nacional. 
759 |a PP101 
773 0 |t Persona y sociedad : revista de ILADES.  |w 036604 
900 |a PERS. SOC.-02/06 
942 |c REVA 
952 |0 0  |1 0  |4 0  |6 PERS___SOC_02_06_000000000000000  |7 0  |8 General  |9 69648  |a BC  |b BC  |c General  |d 2017-08-03  |l 0  |o PERS. SOC.-02/06  |p FICTICIO5120  |r 2019-01-08 00:00:00  |t 1  |w 2017-08-03  |y REVA 
999 |c 36680  |d 36680